Production and operations management: concepts, models and behaviour (5th. ed.) (Record no. 77233)

MARC details
000 -LEADER
fixed length control field 00873nam a2200169 a 4500
008 - FIXED-LENGTH DATA ELEMENTS--GENERAL INFORMATION
fixed length control field 120416s2001 ||||||||||||||||| || u
020 ## - INTERNATIONAL STANDARD BOOK NUMBER
International Standard Book Number 8120308387
050 ## - LIBRARY OF CONGRESS CALL NUMBER
Classification number TS 155 Ada
100 ## - MAIN ENTRY--PERSONAL NAME
Personal name Adam, Everett E. jr
245 10 - TITLE STATEMENT
Title Production and operations management: concepts, models and behaviour (5th. ed.)
250 ## - EDITION STATEMENT
Edition statement 5th. ed.
260 ## - PUBLICATION, DISTRIBUTION, ETC.
Place of publication, distribution, etc. New Delhi
Name of publisher, distributor, etc. Prentice Hall of India
Date of publication, distribution, etc. 2001
350 ## -
-- 0.00
995 ## -
-- MAIN LIBRARY OPEN ACCESS
-- 0.00
-- 732167
-- CBU-MAIN LIBRARY (Kitwe)
-- 2
-- 50.00
-- TS 155 Ada
-- 2
-- DAMAGED
-- 44697
-- Main Library Open Access Collection
995 ## -
-- BINDERY (DAMAGED)
-- 0.00
-- 732169
-- CBU-MAIN LIBRARY (Kitwe)
-- 3
-- 50.00
-- TS 155 Ada
-- 3
-- DAMAGED
-- 44698
-- Main Library Open Access Collection
995 ## -
-- BINDERY (DAMAGED)
-- 0.00
-- 732168
-- CBU-MAIN LIBRARY (Kitwe)
-- 1
-- 50.00
-- TS 155 Ada
-- 1
-- DAMAGED
-- Apr 25, 2006
-- 44695
-- Main Library Open Access Collection
999 ## -
-- 77233
-- 77233
Holdings
Withdrawn status Lost status Source of classification or shelving scheme Damaged status Not for loan Permanent Location Current Location Shelving location Date acquired Total Checkouts Full call number Barcode Date last seen Copy number Price effective from Koha item type
          CBU-MAIN LIBRARY, KITWE. CBU-MAIN LIBRARY, KITWE.   04/25/2023   TS 155 Ada 44697 04/25/2023 1 04/25/2023 MONOGRAPH
          CBU-MAIN LIBRARY, KITWE. CBU-MAIN LIBRARY, KITWE.   04/25/2023   TS 155 Ada 44698 04/25/2023 2 04/25/2023 MONOGRAPH
          CBU-MAIN LIBRARY, KITWE. CBU-MAIN LIBRARY, KITWE.   04/25/2023   TS 155 Ada 44695 04/25/2023 3 04/25/2023 MONOGRAPH